Hockey Olympic Rosters 2026 - Statistics

General Stats
  • This quiz has been taken 99 times
  • The average score is 99 of 298
Answer Stats
Group Country Professional Team Player % Correct
A Canada PIT Sidney Crosby
95%
A Canada EDM Connor McDavid
93%
C United States TOR Auston Matthews
89%
C United States OTT Brady Tkachuk
89%
A Canada SJS Macklin Celebrini
89%
C United States FLA Matthew Tkachuk
89%
C United States NJD Jack Hughes
87%
A Canada COL Nathan MacKinnon
87%
C United States MIN Quinn Hughes
87%
A Canada STL Jordan Binnington
85%
A Canada COL Cale Makar
84%
C United States VGK Jack Eichel
78%
C United States DET Dylan Larkin
76%
A Canada MTL Nick Suzuki
76%
B Italy Thomas Larkin
76%
A Canada WSH Tom Wilson
76%
C United States BOS Charlie McAvoy
75%
A Canada WSH Logan Thompson
75%
C United States BUF Tage Thompson
75%
A Canada NYI Bo Horvat
73%
C United States WPG Connor Hellebuyck
73%
A Canada COL Devon Toews
73%
B Finland DAL Mikko Rantanen
73%
A Canada VGK Mitch Marner
73%
A Canada FLA Sam Bennett
73%
A Canada FLA Sam Reinhart
73%
A Canada FLA Brad Marchand
71%
C United States COL Brock Nelson
71%
A Czechia BOS David Pastrnak
71%
C United States BOS Jeremy Swayman
71%
A Canada VGK Mark Stone
71%
B Finland CAR Sebastian Aho
71%
A Canada CAR Seth Jarvis
71%
A France Antoine Keller
69%
A Canada TBL Brandon Hagel
69%
C United States UTA Clayton Keller
69%
B Slovakia MTL Juraj Slafkovsky
69%
C United States WPG Kyle Connor
69%
C Germany EDM Leon Draisaitl
69%
A Canada VGK Shea Theodore
69%
A Canada DAL Thomas Harley
69%
C United States CBJ Zach Werenski
69%
A Canada LAK Darcy Kuemper
67%
A Canada WPG Josh Morrissey
67%
C United States NYR J.T. Miller
67%
B Finland DAL Roope Hintz
67%
B Finland COL Artturi Lehkonen
65%
C United States MIN Brock Faber
65%
A Canada STL Colton Parayko
65%
B Sweden PIT Erik Karlsson
65%
C United States TBL Jake Guentzel
65%
C United States DAL Jake Oettinger
65%
B Finland NSH Juuse Saros
65%
C United States MIN Matt Boldy
65%
C United States NYR Vincent Trocheck
65%
A Canada LAK Drew Doughty
64%
C United States OTT Jake Sanderson
64%
A Switzerland NSH Roman Josi
64%
B Sweden LAK Adrian Kempe
62%
B Sweden MIN Joel Eriksson EK
62%
A Czechia COL Martin Necas
62%
B Finland DAL Miro Heiskanen
62%
C Germany OTT Tim Stutzle
62%
A Canada PHI Travis Sanheim
62%
B Finland FLA Anton Lundell
60%
B Finland DAL Esa Lindell
60%
C United States CAR Jacob Slavin
60%
A Switzerland LAK Kevin Fiala
60%
A Switzerland NJD Nico Hischier
60%
C Germany Alexander Ehl
58%
A France MTL Alexandre Texier
58%
C Germany DET Moritz Seider
56%
C United States FLA Seth Jones
56%
B Finland CHI Teuvo Teravainen
56%
B Sweden TBL Victor Hedman
56%
B Sweden MIN Filip Gustavsson
55%
B Finland VAN Kevin Lankinen
55%
A Czechia ANA Lukas Dostal
55%
B Sweden BUF Rasmus Dahlin
55%
B Sweden VAN Elias Pettersson
53%
B Sweden COL Gabriel Landeskog
53%
C Germany UTA John-Jason Peterka
53%
B Finland ANA Mikael Granlund
53%
C Denmark CAR Nikolaj Ehlers
53%
C United States VGK Noah Hanifin
53%
B Sweden TOR William Nylander
53%
B Finland FLA Eetu Luostarinen
51%
B Sweden NSH Filip Forsberg
51%
C Denmark CAR Frederik Andersen
51%
B Finland BOS Joonas Korpisalo
51%
B Finland SEA Kaapo Kakko
51%
B Finland MTL Oliver Kapanen
51%
A Switzerland NJD Timo Meier
51%
C Latvia CBJ Elvis Merzlikins
49%
B Sweden VGK Rasmus Andersson
49%
A Czechia VGK Tomas Hertl
49%
B Slovakia STL Dalibor Dvorsky
47%
B Sweden NJD Jacob Markstrom
47%
B Finland LAK Joel Armia
47%
C Denmark OTT Lars Eller
47%
B Finland FLA Niko Mikkola
47%
C Germany SEA Phillip Grubauer
47%
A Czechia ANA Radko Gudas
47%
B Finland PHI Rasmus Ristolainen
47%
B Finland NSH Erik Haula
45%
B Sweden TOR Oliver Ekman-Larsson
45%
B Slovakia TBL Erik Cernak
44%
B Sweden NJD Jesper Bratt
44%
A Czechia UTA Karel Vejmelka
44%
B Sweden DET Lucas Raymond
44%
B Finland UTA Olli Maatta
44%
B Slovakia NJD Simon Nemec
44%
C Latvia PIT Arturs Silovs
42%
B Sweden CGY Elias Lindholm
42%
B Sweden FLA Gustav Forsling
42%
B Sweden BOS Hampus Lindholm
42%
B Finland BOS Henri Jokiharju
42%
B Sweden MIN Jesper Wallstedt
42%
A France Pierre-Édouard Bellemare
42%
B Slovakia Tomas Tatar
42%
A Switzerland VGK Akira Schmid
40%
A Czechia VAN Filip Hronek
40%
A Switzerland TBL Janis-Jérôme Moser
40%
B Finland COL Joel Kiviranta
40%
B Slovakia WSH Martin Fehervary
40%
B Slovakia CGY Martin Pospisil
40%
B Finland OTT Nikolas Matinpalo
40%
C Denmark TBL Oliver Bjorkstrand
40%
A Czechia PHI Dan Vladar
38%
B Finland SEA Eeli Tolvanen
38%
B Finland Mikko Lehtonen
38%
B Sweden STL Phillip Broberg
38%
A Czechia DAL Radek Faksa
38%
A Switzerland Sandro Schmid
38%
B Sweden MIN Marcus Johansson
36%
A Switzerland NJD Jonas Siegenthaler
35%
C Germany MIN Nico Sturm
35%
B Sweden PIT Rickard Rakell
35%
B Slovakia SJS Pavol Regenda
33%
B Sweden TBL Pontus Holmberg
31%
C Latvia VAN Teddy Blueger
31%
B Sweden SJS Alexander Wennberg
29%
C Denmark OTT Mads Sogaard
27%
A Czechia NYI Ondrej Palat
27%
A Switzerland STL Pius Suter
27%
B Slovakia Samuel Hlavaj
27%
A Switzerland Sven Andrighetto
27%
C Latvia FLA Uvis Balinskis
27%
C Latvia Zemgus Girgensons
27%
C Denmark Jesper Jensen Aabo
25%
A Czechia Roman Cervenka
25%
A Switzerland Denis Malgin
24%
C Germany Jonas Muller
24%
C Germany Moritz Muller
24%
C Germany EDM Josh Samanski
22%
C Germany Lukas Reichel
22%
C Denmark Nicholas B. Jensen
22%
C Denmark Nicklas Jensen
22%
A Switzerland SJS Philipp Kurashev
22%
A France Stéphane Da Costa
22%
B Italy Damian Clara
20%
A Czechia VAN David Kampf
20%
C Germany Dominik Kahun
20%
A Czechia Dominik Kubalik
20%
A Czechia Jan Rutta
20%
C Latvia Kaspars Daugavins
20%
A Switzerland Leonardo Genoni
20%
A Switzerland Reto Berra
20%
C Denmark SEA Oskar Fisker Molgaard
18%
C Latvia Rudolfs Balcers
18%
C Latvia Alberts Smits
16%
A Czechia David Spacek
16%
A Czechia David Tomasek
16%
A Switzerland Dean Kukan
16%
A France Dylan Fabre
16%
A Czechia Ondrej Kase
16%
B Slovakia Adam Gajan
15%
A Czechia Jiri Tichacek
15%
B Slovakia Martin Marincin
15%
B Slovakia Michal Ivan
15%
C Latvia FLA Sandis Vilmanis
15%
C Germany Tobias Rieder
15%
A France Yohann Auvitu
15%
B Slovakia Adam Liska
13%
C Denmark Anders Koch
13%
A France Charles Bertrand
13%
A Czechia Michal Kempny
13%
B Slovakia Milos Kelemen
13%
B Slovakia Patrik Koch
13%
B Slovakia Peter Cehlarik
13%
B Slovakia Stanislav Skorvanek
13%
B Slovakia Adam Ruzicka
11%
C Denmark Alexander True
11%
A Switzerland Christian Marti
11%
C Latvia Dans Locmelis
11%
A France Julian Junca
11%
A France Justin Addamo
11%
A France Kévin Bozon
11%
B Slovakia Libor Hudacek
11%
A France Louis Boudon
11%
C Denmark Markus Lauridsen
11%
B Slovakia Martin Gernat
11%
B Slovakia Matus Sukel
11%
A Switzerland WPG Nino Neiderreiter
11%
B Slovakia Oliver Okuliar
11%
A Czechia Filip Chlapik
9%
C Denmark Frederik Dichow
9%
C Germany Frederik Tiffels
9%
C Latvia Kristers Gudlevskis
9%
C Germany Leon Gawanke
9%
B Slovakia Lukas Cingel
9%
A Czechia Lukas Sedlak
9%
C Latvia Martins Dzierkals
9%
A Czechia Matej Stransky
9%
B Italy Matthew Bradley
9%
C Denmark Nick Olesen
9%
C Germany Parker Tuomie
9%
C Denmark Patrick Russell
9%
B Slovakia Peter Ceresnak
9%
C Latvia Rihards Bukarts
9%
C Latvia Roberts Bukarts
9%
A France Sacha Treille
9%
A Czechia Tomas Kundratek
9%
B Italy Tommaso De Luca
9%
A Switzerland Christoph Bertschy
7%
B Italy Davide Fadani
7%
B Italy Dustin Gazley
7%
C Latvia Eduards Tralmaks
7%
A France Hugo Gallet
7%
A Czechia Jakub Flek
7%
A Switzerland Ken Jager
7%
C Germany Korbinian Geibel
7%
C Latvia Kristaps Zile
7%
A France Pierre Crinon
7%
A Czechia Radim Simek
7%
B Slovakia Samuel Takac
7%
C Germany Wojciech Stachowiak
7%
B Italy Alessandro Segafredo
5%
A Switzerland Andrea Glauser
5%
C Latvia Anri Ravinskis
5%
A Switzerland Calvin Thurkauf
5%
C Denmark Christian Wejse
5%
A Switzerland Damien Riat
5%
B Italy Diego Kostner
5%
C Germany Fabio Wagner
5%
C Latvia Janis Jaks
5%
A France Jordann Perret
5%
C Germany Kai Wissman
5%
C Latvia Kristaps Rubins
5%
B Italy Luca Frigo
5%
C Germany Lukas Kalble
5%
C Germany Marc Michaelis
5%
A France Martin Neckar
5%
C Denmark Mathias Bau
5%
C Denmark Matias Lassen
5%
C Germany Maximillian Franzreb
5%
C Denmark Mikkal Aagaard
5%
C Latvia Oskars Batna
5%
C Latvia Oskars Cibulskis
5%
C Denmark Phillip Bruggisser
5%
B Italy Phil Pietroniro
5%
C Latvia Renars Krastenbergs
5%
C Latvia Roberts Mamcics
5%
B Italy Alexander Petan
4%
B Italy Alex Trivellato
4%
A France Anthony Rech
4%
A France Aurélien Dair
4%
B Italy Cristiano DiGiacinto
4%
B Italy Daniel Glira
4%
B Italy Daniel Mantenuto
4%
B Italy Dylan Di Perna
4%
A France Enzo Cantagallo
4%
A France Enzo Guebey
4%
A France Floran Douay
4%
A France Florian Chakiachvili
4%
C Denmark Frederik Storm
4%
B Italy Gianluca Vallini
4%
B Italy Gregory Di Tomaso
4%
C Latvia Haralds Egle
4%
B Italy Jason Seed
4%
C Denmark Joachim Blichfield
4%
A France Jules Boscq
4%
C Germany Justin Schutz
4%
B Italy Luca Zanatta
4%
C Denmark Malte Setkov
4%
B Italy Marco Zanetti
4%
C Germany Mathias Niedeberger
4%
A Switzerland Michael Fora
4%
B Italy Mikael Frycklund
4%
C Denmark Morten Poulsen
4%
B Italy Nick Saracino
4%
A France Nicolas Ritz
4%
C Latvia Ralfs Freibergs
4%
A Switzerland Simon Knak
4%
A France Thomas Thiry
4%
A Switzerland Tim Berni
4%
B Italy Tommy Purdeller
4%
B Italy Giovanni Morini
2%
No matching quizzes found
Score Distribution
Percent of People with Each Score
Percentile by Number Answered
Your Score History
You have not taken this quiz